000 00314nam a22001217a 4500
008 190314b xxu||||| |||| 00| 0 eng d
041 _aeng
080 _a043.3
100 _a0
101 _aMBE-MTH
245 _aNdikimi i sistemit tatimor në zhvillimin e biznesit: Rasti i Kosovës
_cAzemi,Nj
942 _2udc
_cBK
999 _c54785
_d54785